Science Quiz

Random Science or Computer Quiz

Computer Science Definitions: Data Representation Quiz Stats

 Plays Quiz not verified by Sporcle

Support Sporcle.
Go Orange.
Score 0/20 Timer 04:00
0 Plays Today
% Correct
Lossless Compression
73%
Byte
71.6%
Bit
70.2%
Pixel
69.4%
Lossy Compression
68.3%
Frequency
67.8%
Amplitude
65%
Gigabyte
63.7%
Check Digit
63.7%
Megabyte
63.1%
% Correct
Kilobyte
62.8%
Sound
57.4%
Character Set
56%
Sampling
55.7%
ASCII
55.5%
Nibble
53%
Metadata
52.2%
Resolution
48.1%
Colour Depth
47%
Unicode
45.4%

You're not logged in!

Compare scores with friends on all Sporcle quizzes.
OR
Log In

From the Vault

Tough Choices: TV Edition

by Purple_Parrot

The only tough choices we like to make are the ones that involve binge-watching TV shows.
Remove Ads.
Support Sporcle.
Get the best of Sporcle when you Go Orange. This ad-free experience offers more features, more stats, and more fun while also helping to support Sporcle. Thank you for becoming a member.

Show Comments

Extras

Top Quizzes Today


Score Distribution

Your Account Isn't Verified!

In order to create a playlist on Sporcle, you need to verify the email address you used during registration. Go to your Sporcle Settings to finish the process.

Report this User

Report this user for behavior that violates our Community Guidelines.

Details: